Types of Wages and Calculation of Net Wages
Definícia mzdy, základné a ďalšie formy miezd a mzdové výhody. Zložitosť účtovania a výpočtu miezd. Porovnanie výpočtu miezd v Slovenskej republike a v Českej republike.
Guardado en:
| Autor principal: | |
|---|---|
| Otros Autores: | |
| Formato: | Capítulo de libro |
| Lenguaje: | inglés |
| Materias: | |
| Etiquetas: |
Sin Etiquetas, Sea el primero en etiquetar este registro!
|
MARC
| LEADER | 00000naa$a2200000$$$4500 | ||
|---|---|---|---|
| 001 | 0272677 | ||
| 005 | 20240502074310.9 | ||
| 041 | 0 | |a eng | |
| 044 | |a SK | ||
| 245 | 1 | 0 | |a Types of Wages and Calculation of Net Wages |c Janka Kopčáková, Marcel Novotný |
| 520 | |a Definícia mzdy, základné a ďalšie formy miezd a mzdové výhody. Zložitosť účtovania a výpočtu miezd. Porovnanie výpočtu miezd v Slovenskej republike a v Českej republike. | ||
| 610 | 2 | 0 | |a mzdy |
| 610 | 2 | 0 | |a mzdy čisté |
| 610 | 2 | 0 | |a zvýhodnenie mzdové |
| 610 | 2 | 0 | |a Slovensko |
| 610 | 2 | 0 | |a Česko |
| 100 | 1 | |a Kopčáková, Janka, 1994- | |
| 700 | 1 | |a Novotný, Marcel, 1979- | |